Statistiques concernant Père Noël en images

Cliquez ici pour prendre le quiz!

Statistiques générales

  • Ce quiz a été pris 46 fois
    (17 depuis la dernière actualisation)
  • Le résultat moyen est 4 sur 20

Statistiques - réponses

Réponse% Correct
Fortnite
76%
South Park
59%
Coca-Cola
53%
Les Cinq Légendes
47%
Le Monde de Narnia
29%
Le Pôle Express
29%
Santa & cie
29%
Les Chroniques de Noël
24%
Futurama
18%
L'étrange Noël de Monsieur Jack
18%
Mission Noël
18%
Marvel
12%
Miraculous
12%
Joyeux Noël Shrek !
6%
Miracle sur la 34ème rue
6%
Pokémon
6%
Violent Night
6%
Le Monde secret du Père Noël
0%
Saints Row
0%
Super Noël
0%

Distribution des résultats

Percentile par nombre de réponses

% des personnes avec chaque résultat

Votre développement - résultats

Vous n’avez pas pris ce quiz depuis la dernière actualisation